000 00661nam a22002177a 4500
005 20170117145429.0
010 _aENG-117079
020 _a9780670087228
_c599.00
035 _aEN-100611
037 _adpl
_bPragati
037 _bDBAD/PUB
082 _a808.883
100 _aChopra,Ashok
245 _aOf love and other Sorrows/
_cby Ashok Chopra [and] Ravi Vyas
_bten modernists /
260 _aGurgaon
_bPengun Viking
_c2016
270 _a7th Floor,Infinity Tower C,DLF Cyber Citiy
_bGurgaon
_e122002
300 _axi,258p.
_c22cm(Hb)
500 _aIncludes Notes and index
700 _aVyas,Ravi
942 _2ddc
_cEN
_h808.883
_mCHO
999 _c105878
_d105878